000 00559nam a2200193Ia 4500
005 20250508154608.0
008 008 250505s9999 xx 000 0 eng d
037 _aTextual
040 _aFEDL
_beng
_cFEDL
041 _aeng
_2eng
084 _a342.54, GHO
_qFEDL
100 _aGhosh Pratap Kumar
_9684971
245 0 _aConstitution of India how it has been framed
260 _aCalcutta, India
_bThe World Press Private Limited
_c1966
300 _ax,427p.
650 _aLaw
942 _cTEXL
_h342.54, GHO
999 _c1351095
_d1351095